| 000 | 00376nam a2200145Ia 4500 | ||
|---|---|---|---|
| 008 | 210210b2004 xxu||||| |||| 00| 0 eng d | ||
| 082 | _a793.73 KRIA | ||
| 100 | _aKRISHNAKUMAR (S). | ||
| 245 | _aAddone super quiz the top scorer. | ||
| 260 |
_aThiruvananthapuram _bAddone publishing group _c2004 |
||
| 300 | _axxi,584 | ||
| 650 | _aQuiz | ||
| 690 | _aQuiz | ||
| 906 | _a059254 | ||
| 999 |
_c106348 _d106348 |
||